000 01756nam0a22002771 4500
001 rc\4646322
005 20260407183139.0
021 _aRU
_b[67-6227]
035 _a(NLR Aleph) 008688646
090 _a9224599
_c9224599
100 _a20130416d1966 |||y0rusy50 ca
101 0 _arus
102 _aRU
105 _ay z |||||
200 1 _aРешение Совещания по борьбе с шумами и вибрациями методами строительной акустики
_fНауч.-исслед. ин-т строит. физики Госстроя СССР. Уральский науч.-исслед. и проектный ин-т строит. материалов М-ва пром-сти строит. материалов СССР. Совет по акустике АН СССР. ЦК Профсоюза рабочих строительства и пром-сти строит. материалов. Центр. и Челяб. обл. правл. Науч.-техн. о-ва строит. индустрии. Акуст. ин-т АН СССР
210 _aМосква
_cОтд. информ.-изд. и патентно-лиценз. работы Науч.-исслед. ин-та строит. физики
_d1966
215 _a[1], 5 с.
_d26
606 _aШум и борьба с ним
_2psbo
606 _aВибрации
_2psbo
606 _aАрхитектурная акустика
_2psbo
710 1 2 _aСовещание по борьбе с шумами и вибрациями методами строительной акустики
_f1966
_eЧелябинск
_3RU\NLR\AUTH\8810118541
_9735926
801 0 _aRU
_bNLR
_gpsbo
801 1 _aRU
_bELAR
_2rusmarc
852 _aNLR
_j67-7/397
942 _cBOOK
980 _aNB